Estadísticas para Países con el Mayor Número de Expatriados

Haz click aquí para intentar la prueba.

Estadísticas generales

  • Esta prueba ha sido intentada 1.348 veces
  • La puntuación promedio es 14 de 20

Estadísticas de respuestas

PoblaciónPaís de origen% Correcto
10.73 MChina
95%
15.58 MIndia
91%
12.34 MMéxico
90%
10.58 MRusia
89%
3.02 MEstados Unidos
88%
5.94 MPakistán
79%
5.01 MSiria
78%
4.05 MAlemania
75%
4.92 MReino Unido
73%
3.88 MIndonesia
72%
2.90 MItalia
72%
3.11 MTurquía
72%
3.27 MEgipto
66%
5.83 MUcrania
65%
4.84 MAfganistán
62%
7.21 MBangladés
61%
4.45 MPolonia
59%
5.32 MFilipinas
56%
3.41 MRumania
50%
4.08 MKazajistán
35%

Distribución de puntuación

Porcentaje por número respondido

Porcentaje de gente con cada puntuación

Historial de tus puntuaciones

No has intentado esta prueba.